000 00594nam a2200193 i 4500
001 77300
003 ES-MaACL
005 20230906173143.0
007 t|
008 041007s1982 sp ||||1| spa d
100 1 _aHabermas, Jürgen.
_961376
245 1 0 _aHistoria y crítica de la opinión pública /
_cJ. Habermas ; [versión de Antoni Domènech, Rafael Grasa].
250 _a2ª ed.
260 _a[Barcelona] :
_bGustavo Gili,
_c[1982]
300 _a351 p. ;
_c20 cm.
700 1 _aDomènech, Antoni.
_945072
700 1 _aGrasa, Rafael.
_959686
852 _aES-MaACL
_jL-7339
_bR.108073
999 _c77300
_d77300